| 000 | 00693nam a22001937a 4500 | ||
|---|---|---|---|
| 999 |
_c17896 _d17896 |
||
| 003 | OSt | ||
| 005 | 20230127114056.0 | ||
| 008 | 230127b ||||| |||| 00| 0 eng d | ||
| 040 | _c0 | ||
| 082 | _aDPer 910.46 T156 2019 v76PA-76PB | ||
| 100 |
_aHight, S. Kyle. _eauthor. _947605 |
||
| 245 |
_aRole stress and alcohol use on restuarant server's job satisfaction : _bwhich comes first? / _cS. Kyle Hight, Jeong-Yeol Park. |
||
| 260 |
_aAmsterdam : _bElsevier, _c©January 2019. |
||
| 300 | _av 76PA, pages 231-239 : illustrations. | ||
| 650 |
_aHospitality industry. _947606 |
||
| 700 |
_aHight, S. Kyle. _eauthor. _947605 |
||
| 700 |
_aPark, Jeong-Yeol. _eauthor. _947607 |
||
| 942 |
_2ddc _cPER |
||